Love Your Body Quiz Stats

 Plays Quiz Updated Aug 24, 2017

Also try: Queen of Hearts
Challenge
Share
Tweet
Embed
Score 0/20 Timer 03:00
3 Plays Today
% Correct
body snatcher
98.1%
body surfing
98%
body bag
97%
body heat
96.3%
body armor
95.5%
body blow
95.3%
body of evidence
95.1%
body odor
94.8%
body mass index
94.3%
body shop
94.2%
% Correct
body building
94.2%
body count
94.2%
foreign body
94%
body image
93.7%
body language
93.6%
body clock
93.6%
body and soul
91%
heavenly body
89.6%
body of opinion
88.5%
body politic
87%

You're not logged in!

Compare scores with friends on all Sporcle quizzes.
OR
Log In

You Might Also Like...

Show Comments

Extras

Top Quizzes Today


Score Distribution

Your Account Isn't Verified!

In order to create a playlist on Sporcle, you need to verify the email address you used during registration. Go to your Sporcle Settings to finish the process.

Report this User

Report this user for behavior that violates our Community Guidelines.

Details: